| 000 | 00958nam a2200241Ia 4500 | ||
|---|---|---|---|
| 003 | Ost | ||
| 005 | 20260507075343.0 | ||
| 008 | 260507s9999||||xx |||||||||||||| ||und|| | ||
| 020 | _a87472499579 | ||
| 040 | _cfsecg | ||
| 041 | _aara | ||
| 082 | _a330 | ||
| 100 |
_aعليان، ربحي مصطفى _eمؤلف |
||
| 245 | 0 |
_aإقتصاد المعرفة / _c ربحي مصطفى عليان |
|
| 250 | _aطبعة 2 | ||
| 260 |
_aعمان: _bدار صفاء للنشر والتوزيع, _c2014 |
||
| 300 |
_a352 صفحة؛ _bإيضاحات ؛ _c24 سم |
||
| 520 | _aماهية المعرفة- عمليات إدارة المعرفة- إقتصاد المعرفة- التجارة الإلكترونية- التسويق الإلكتروني والتسويق عبر الأنترنت- مجتمع المعرفة | ||
| 653 | _aإقتصاد المعرفة | ||
| 653 | _aالمعرفة | ||
| 653 | _aتكنولوجيا المعلومات | ||
| 942 | _cكتاب | ||
| 999 |
_c44103 _d44103 |
||